000 00829nam a2200265 a 4500
001 1016
003 BD-RjUL
005 20211208233250.0
008 131124s1971 nyu 000 0 eng d
035 _aoxf98501375
_a(BD-RjUL)1038
040 _aEQO
_beng
_cBD-RjUL
_dBD-RjUL
041 _aeng
082 _a341.1396891
_bPRI 1971
110 2 _aUnited Nations.
_bOffice of Public Information.
_9116127
245 1 2 _aA principle in torment.
_n3,
_pThe United Nations and Namibia.
246 1 0 _aThe United Nations and Namibia.
260 _aNew York :
_bUnited Nations,
_c1971.
300 _a44 p. :
_bmaps. ;
_c23 cm.
610 2 0 _aUnited Nations.
_9116128
650 0 _aInternational relations.
_92991
650 0 _aGovernment and politics.
_92992
651 0 _aNamibia.
_92993
651 0 _aSouth Africa.
_92994
942 _2ddc
_cBK
999 _c1016
_d1016